000 00417nam a2200157 i 4500
001 91463
003 ES-MaACL
005 20230906180728.0
007 t|
008 050131s1945 xxu ||||1| eng d
100 1 _aLewis, Oscar.
_972064
245 1 0 _aI remember Christine /
_cby Oscar Lewis.
260 _aNew York :
_bAlfred A. Knopf,
_c1945.
300 _a266 p. ;
_c20 cm.
852 _aES-MaACL
_jC-25180
_bR.54081
999 _c91463
_d91463